[Event "Sygnity Ekstraliga 2016"]
[Site "Gorzow Wlkp. - Wroclaw - Katowice"]
[Date "1899-12-30"]
[Round "8.24"]
[White "Szczepkowska-horowska, Karina"]
[Black "Kulon, Klaudia"]
[Result "1/2-1/2"]
[WhiteTitle "WGM"]
[BlackTitle "WGM"]
[WhiteElo "2411"]
[BlackElo "2304"]

1. d4 Nf6 2. c4 g6 3. Nc3 Bg7 4. e4 d6 5. Nf3 O-O 6. Be2 e5 7. O-O Nc6 8. dxe5
dxe5 9. Bg5 Qxd1 10. Rfxd1 Bg4 11. h3 Bxf3 12. Bxf3 Nd4 13. Nd5 Nxd5 14. cxd5
f5 15. Rac1 Rf7 16. Kf1 Bf8 17. Be3 Nxf3 18. gxf3 fxe4 19. fxe4 Bd6 20. Bc5 Raf8
21. Be3 Kg7 22. Rc2 h6 23. Kg2 g5 24. Rg1 Kg6 25. Kh2 Kh5 26. Rg3 b6 27. Rg2 Rf6
28. Rg3 R6f7 29. Rg2 Rf6 30. Rg3 R6f7 1/2-1/2

[Event "Sygnity Ekstraliga 2016"]
[Site "Gorzow Wlkp. - Wroclaw - Katowice"]
[Date "1899-12-30"]
[Round "8.25"]
[White "Wojtaszek, Radoslaw"]
[Black "Butkiewicz, Lukasz"]
[Result "1-0"]
[WhiteTitle "GM"]
[BlackTitle "IM"]
[WhiteElo "2729"]
[BlackElo "2429"]

1. d4 e6 2. c4 f5 3. g3 Nf6 4. Bg2 Be7 5. Nf3 O-O 6. O-O d6 7. b3 Qe8 8. Bb2 f4
9. gxf4 Qg6 10. Nc3 Nc6 11. e3 Nh5 12. Ne2 Bd7 13. Ng3 Be8 14. d5 Nd8 15. dxe6
Nxg3 16. hxg3 Nxe6 17. e4 Nxf4 18. gxf4 Rxf4 19. Nd4 Rg4 20. Qf3 Bc6 21. Qh3 Bd7
22. Nf5 Bxf5 23. exf5 Qxf5 24. Rad1 Qg6 25. Rd4 Rg5 26. Bc1 Rf5 27. Rg4 Qf6 28.
Bd5+ Kh8 29. Be4 1-0

[Event "Sygnity Ekstraliga 2016"]
[Site "Gorzow Wlkp. - Wroclaw - Katowice"]
[Date "1899-12-30"]
[Round "8.26"]
[White "Skawinski, Arkadiusz"]
[Black "Areshchenko, Alexander"]
[Result "0-1"]
[WhiteTitle "FM"]
[BlackTitle "GM"]
[WhiteElo "2367"]
[BlackElo "2654"]

1. e4 e5 2. Nf3 Nc6 3. Bb5 a6 4. Ba4 Nf6 5. O-O Nxe4 6. d4 b5 7. Bb3 d5 8. dxe5
Be6 9. c3 Bc5 10. Nbd2 O-O 11. Bc2 Nxf2 12. Rxf2 f6 13. exf6 Qxf6 14. Nf1 Bxf2+
15. Kxf2 Ne5 16. Kg1 Nxf3+ 17. Qxf3 Qxf3 18. gxf3 Rxf3 19. Be3 Bh3 20. Bc5 Re8
21. Ng3 Kf7 22. Bf2 g6 23. Re1 Rxe1+ 24. Bxe1 Ke6 25. Bd1 Rf7 26. Bf2 a5 27. a3
a4 28. Be2 c6 29. Bd3 Kd6 30. Ne2 Bf5 31. Nc1 c5 32. Bxb5 Rb7 33. Bg3+ Ke7 34.
Bh4+ g5 35. Bxg5+ Ke6 36. Bxa4 Rg7 37. h4 h6 38. b4 hxg5 39. hxg5 Kd6 40. Nb3
cxb4 41. axb4 Bc2 42. Nc5 Bxa4 43. Nxa4 Ra7 44. Nc5 Ra3 45. c4 dxc4 46. Kf2 Kd5
47. g6 Ra7 48. Ke3 Rg7 49. Na4 Rxg6 50. Nc3+ Ke5 51. Ne2 Rd6 0-1

[Event "Sygnity Ekstraliga 2016"]
[Site "Gorzow Wlkp. - Wroclaw - Katowice"]
[Date "1899-12-30"]
[Round "8.27"]
[White "Miton, Kamil"]
[Black "Plichta, Kamil"]
[Result "1-0"]
[WhiteTitle "GM"]
[BlackTitle "FM"]
[WhiteElo "2614"]
[BlackElo "2336"]

1. d4 f5 2. Nc3 Nf6 3. Bg5 d5 4. Bxf6 exf6 5. e3 c6 6. Bd3 Bd6 7. Qf3 g6 8. Nge2
Be6 9. h3 Na6 10. a3 Qd7 11. Bxa6 bxa6 12. Nf4 O-O 13. Na4 Rae8 14. O-O-O Qe7
15. Rd3 Bf7 16. Rc3 Rc8 17. Nd3 Rfe8 18. Nac5 a5 19. h4 h5 20. Rd1 Kg7 21. Nf4
Rb8 22. Nfd3 Rec8 23. Re1 Re8 24. Qd1 Qd8 25. Qd2 Re7 26. g3 Be8 27. Rb3 Rxb3
28. Nxb3 Bc7 29. Qc3 Bb6 30. Rd1 Qc7 31. Kb1 Bf7 32. Ndc5 Re8 33. Qd3 Qc8 34.
Qf1 Re7 35. Rd3 Bc7 36. Rc3 Be8 37. Nd3 Bb6 38. Nf4 Bf7 39. Nc5 Kh7 40. Na4 Rc7
41. Rb3 Rb7 42. Qa6 Qc7 43. Nd3 Rb8 44. Ndc5 Kg8 45. Nxb6 axb6 46. Na4 b5 47.
Nc5 Be8 48. a4 b4 49. Qd3 Rb6 50. c3 Qb8 51. cxb4 axb4 52. Qd2 g5 53. f4 Qa7 54.
Rxb4 Qa5 55. Nd3 Rxb4 56. Qxb4 Qa6 57. Nc5 1-0

[Event "Sygnity Ekstraliga 2016"]
[Site "Gorzow Wlkp. - Wroclaw - Katowice"]
[Date "1899-12-30"]
[Round "8.28"]
[White "Brodowski, Piotr"]
[Black "Gajewski, Grzegorz"]
[Result "0-1"]
[WhiteTitle "m"]
[BlackTitle "GM"]
[WhiteElo "2453"]
[BlackElo "2610"]

1. e4 c5 2. Nf3 e6 3. d4 cxd4 4. Nxd4 a6 5. Bd3 Bc5 6. Nb3 Be7 7. Be3 d6 8. N1d2
Nf6 9. f4 Nc6 10. c3 e5 11. Nc4 b5 12. fxe5 Nxe5 13. Nb6 Bg4 14. Be2 Rb8 15. Nd5
Nxd5 16. exd5 Bh4+ 17. g3 Bg5 18. Bxg5 Qxg5 19. Bxg4 Nxg4 20. Qe2+ Qe3 21. Qxe3+
Nxe3 22. Kf2 Nc4 23. Nd4 Nxb2 24. Nc6 Rc8 25. a4 Nxa4 26. c4 Kf8 27. cxb5 axb5
28. Rhb1 Nc3 29. Rb3 Nxd5 30. Rxb5 Ne7 31. Nxe7 Kxe7 32. Rb7+ Kf6 33. Ke3 Kg6
34. Raa7 Rhf8 35. Rd7 Rcd8 36. Kd4 Rxd7 37. Rxd7 Re8 38. Rxd6+ Re6 0-1

[Event "Sygnity Ekstraliga 2016"]
[Site "Gorzow Wlkp. - Wroclaw - Katowice"]
[Date "1899-12-30"]
[Round "8.29"]
[White "Socko, Bartosz"]
[Black "Bronowicki, Mateusz"]
[Result "1/2-1/2"]
[WhiteTitle "GM"]
[BlackTitle "FM"]
[WhiteElo "2594"]
[BlackElo "2258"]

1. e4 e6 2. d4 d5 3. Nd2 Nf6 4. e5 Ne4 5. Bd3 Nxd2 6. Bxd2 c5 7. Nf3 Nc6 8. dxc5
Bxc5 9. O-O Bd7 10. c3 f6 11. exf6 Qxf6 12. c4 O-O 13. cxd5 exd5 14. Qc2 Bb6 15.
Bxh7+ Kh8 16. Bg5 Qd6 17. Nh4 Ne5 18. Rad1 Ng4 19. Ng6+ Kxh7 20. Nxf8+ Kg8 21.
Qh7+ Kxf8 22. Rd3 Ne5 23. Rg3 Re8 24. Re1 Qg6 25. Qh4 Bxf2+ 26. Kxf2 Nd3+ 27.
Rxd3 Qxd3 28. Be7+ Kg8 29. Kg1 Bf5 30. Qg5 Qd4+ 31. Kh1 g6 32. Rc1 Qe5 33. Bb4
Qxb2 34. a3 a5 35. Bxa5 Qxa3 36. Bb6 Qb2 37. Bg1 Be4 38. Rf1 Rf8 39. Re1 Qf6 40.
Qd2 Rc8 41. Rc1 Rxc1 1/2-1/2

[Event "Sygnity Ekstraliga 2016"]
[Site "Gorzow Wlkp. - Wroclaw - Katowice"]
[Date "1899-12-30"]
[Round "8.30"]
[White "Bartel, Marta"]
[Black "Socko, Monika"]
[Result "1/2-1/2"]
[WhiteTitle "WGM"]
[BlackTitle "GM"]
[WhiteElo "2270"]
[BlackElo "2467"]

1. d4 Nf6 2. c4 g6 3. Nc3 Bg7 4. Nf3 O-O 5. Bg5 c5 6. d5 h6 7. Bh4 d6 8. e3 g5
9. Bg3 Nh5 10. Nd2 Nxg3 11. hxg3 f5 12. Qc2 Na6 13. a3 e6 14. dxe6 Bxe6 15. Be2
Nc7 16. Rd1 Qf6 17. O-O Rad8 18. Bf3 Rb8 19. Rb1 a6 20. a4 Rfd8 21. Rfd1 b6 22.
e4 f4 23. g4 Qf7 24. Nd5 Qd7 25. e5 Bxd5 26. cxd5 Bxe5 27. Nc4 Bg7 28. Re1 b5
29. Na5 Re8 30. axb5 Nxb5 31. Nc6 Rxe1+ 32. Rxe1 Re8 33. Re4 Nd4 34. Nxd4 Rxe4
35. Qxe4 cxd4 36. b3 Kf7 37. Be2 a5 38. f3 Qe7 39. Qxe7+ Kxe7 40. Kf2 Kf6 41.
Bb5 d3 42. Ke1 Ke5 43. Kd2 Kd4 44. Ba6 Bf6 45. Bxd3 Kxd5 46. Bg6 Kd4 47. Bf7 Bd8
48. Bg8 Bb6 49. Bf7 Bc5 50. Bg8 Bb4+ 51. Ke2 Kc3 52. Bf7 Bc5 53. Bg8 Be3 54. Bf7
Kd4 55. Bg8 d5 56. Bf7 Kc5 57. Kd3 d4 58. Be6 Kb4 59. Bc4 Ka3 60. Kc2 Kb4 1/2-1/2

[Event "Sygnity Ekstraliga 2016"]
[Site "Gorzow Wlkp. - Wroclaw - Katowice"]
[Date "1899-12-30"]
[Round "9.1"]
[White "Luch, Michal"]
[Black "Bartel, Mateusz"]
[Result "0-1"]
[WhiteTitle "IM"]
[BlackTitle "GM"]
[WhiteElo "2445"]
[BlackElo "2640"]

1. d4 e6 2. c4 b6 3. e4 Bb7 4. Nc3 Bb4 5. f3 Ne7 6. Nge2 Ng6 7. a3 Be7 8. Be3 O-O
9. Qd2 Nc6 10. b4 Qe8 11. g3 f5 12. Bg2 fxe4 13. Nxe4 a5 14. b5 Nce5 15. dxe5
Nxe5 16. Nf4 Nxc4 17. Qd3 d5 18. Nf2 Nxe3 19. Qxe3 Bc5 20. Qe2 e5 21. N4d3 Bd4
22. O-O Qxb5 23. Rab1 Qe8 24. Kh1 Ba6 25. Qd2 c6 26. Rfe1 Qg6 27. f4 e4 28. Ne5
Bxe5 29. fxe5 Rab8 30. Qd4 Qf7 31. Nh3 c5 32. Qd2 Bd3 33. Rb2 c4 34. Nf4 Qc7 35.
Qc3 Rxf4 36. gxf4 Qc5 37. Bf1 d4 38. Qc1 c3 39. Rg2 Bxf1 40. Rxf1 d3 41. Qd1 c2
42. Qg4 Qc7 43. f5 c1=Q 44. Rxc1 Qxc1+ 45. Rg1 Qc7 46. f6 d2 47. Qxe4 Rd8 48.
Rd1 Qf7 49. Qg2 Qd5 50. fxg7 Qxe5 51. Qf3 Qd5 52. Kg2 Kxg7 53. Qxd5 Rxd5 54. Kf3
Kf6 55. Ke4 Ke6 56. a4 h5 0-1

[Event "Sygnity Ekstraliga 2016"]
[Site "Gorzow Wlkp. - Wroclaw - Katowice"]
[Date "1899-12-30"]
[Round "9.2"]
[White "Sadzikowski, Daniel"]
[Black "Butkiewicz, Lukasz"]
[Result "0-1"]
[WhiteTitle "IM"]
[BlackTitle "IM"]
[WhiteElo "2548"]
[BlackElo "2429"]

1. Nf3 Nf6 2. c4 c5 3. Nc3 d6 4. d4 cxd4 5. Nxd4 Nc6 6. e4 g6 7. f3 Bg7 8. Be3
O-O 9. Be2 Nxd4 10. Bxd4 Be6 11. Rc1 Qa5 12. O-O Rfc8 13. b3 a6 14. a4 Nd7 15.
Bxg7 Kxg7 16. Kh1 f6 17. Nd5 Bxd5 18. exd5 Qb4 19. f4 Nc5 20. Rb1 Re8 21. f5 Nd7
22. Rf3 Ne5 23. Rh3 a5 24. Qc1 g5 25. Bh5 Rh8 26. Qe3 Qc5 27. Qd2 Ra6 28. Re1
Rb6 29. Rg3 h6 30. Rge3 Rb4 31. Qd1 Qc8 32. Rf1 b5 33. Rxe5 dxe5 34. d6 Qd7 35.
Qd5 exd6 36. axb5 Rxb3 37. h3 a4 38. Ra1 a3 39. Qd1 Rc3 40. Qd2 Rxc4 41. Rxa3
Rb8 42. Qa2 d5 43. Rb3 e4 44. Rb1 Rxb5 45. Rxb5 Rc1+ 0-1

[Event "Sygnity Ekstraliga 2016"]
[Site "Gorzow Wlkp. - Wroclaw - Katowice"]
[Date "1899-12-30"]
[Round "9.3"]
[White "Skawinski, Arkadiusz"]
[Black "Mastrovasilis, Dimitrios"]
[Result "1/2-1/2"]
[WhiteTitle "FM"]
[BlackTitle "GM"]
[WhiteElo "2367"]
[BlackElo "2606"]

1. e4 c5 2. Nf3 Nc6 3. Bb5 d6 4. O-O Bd7 5. Re1 Nf6 6. c3 a6 7. Bc4 Bg4 8. d4 Bxf3
9. gxf3 cxd4 10. cxd4 e5 11. Be3 exd4 12. Bxd4 Nxd4 13. Qxd4 Be7 14. Nc3 O-O 15.
f4 Qc8 16. Be2 Qh3 17. Kh1 Ng4 18. Bxg4 Qxg4 19. Nd5 Qf3+ 20. Kg1 Qg4+ 21. Kh1
Qf3+ 22. Kg1 Qg4+ 23. Kh1 Qf3+ 1/2-1/2

[Event "Sygnity Ekstraliga 2016"]
[Site "Gorzow Wlkp. - Wroclaw - Katowice"]
[Date "1899-12-30"]
[Round "9.4"]
[White "Wieczorek, Oskar"]
[Black "Brodowski, Piotr"]
[Result "1-0"]
[WhiteTitle "IM"]
[BlackTitle "m"]
[WhiteElo "2432"]
[BlackElo "2453"]

1. e4 g6 2. d4 Bg7 3. Nc3 d6 4. Nf3 a6 5. a4 Nf6 6. h3 O-O 7. Bf4 c5 8. dxc5 Qa5
9. Bd3 dxc5 10. O-O Nc6 11. Re1 Rd8 12. Qc1 Nd4 13. Nd2 Be6 14. Nc4 Bxc4 15. Bxc4
e6 16. Bd2 Qc7 17. a5 Nd7 18. Ne2 Ne5 19. Bf4 Qc6 20. Bxe5 Bxe5 21. c3 Nxe2+ 22.
Bxe2 Qc7 23. g3 Bxg3 24. fxg3 Qxg3+ 25. Kf1 Qxh3+ 26. Kf2 Qh2+ 27. Kf3 Qh3+ 28.
Kf2 Qh2+ 29. Kf3 f5 30. Qf4 fxe4+ 31. Kxe4 Qg2+ 32. Ke3 Rf8 33. Qg4 Qf2+ 34. Kd2
Rf5 35. Qe4 Qf4+ 36. Qxf4 Rxf4 37. Ke3 e5 38. Rad1 Rb8 39. Rd7 b6 40. Rh1 h5 41.
Rg1 Rf6 42. Bxh5 bxa5 43. Bxg6 1-0

[Event "Sygnity Ekstraliga 2016"]
[Site "Gorzow Wlkp. - Wroclaw - Katowice"]
[Date "1899-12-30"]
[Round "9.5"]
[White "Bronowicki, Mateusz"]
[Black "Stachowiak, Kamil"]
[Result "1/2-1/2"]
[WhiteTitle "FM"]
[BlackTitle "IM"]
[WhiteElo "2258"]
[BlackElo "2410"]

1. d4 d5 2. c4 e6 3. Nc3 Be7 4. Nf3 Nf6 5. Bf4 O-O 6. e3 b6 7. Rc1 Bb7 8. Bd3 dxc4
9. Bxc4 a6 10. O-O Bd6 11. Bg5 h6 12. Bh4 Nbd7 13. Qe2 Be7 14. Rfd1 Nd5 15. Bg3
Nxc3 16. Rxc3 Bd6 17. Bb3 Rc8 18. Bxd6 cxd6 19. Rxc8 Qxc8 20. Qd2 Qa8 21. Ne1
Rc8 22. Rc1 b5 23. Rxc8+ Qxc8 24. Qc2 Qxc2 25. Nxc2 Nb6 26. f3 a5 27. a3 Kf8 28.
Kf2 Ke7 29. e4 d5 30. Ke3 f5 31. exf5 exf5 32. h4 g5 33. hxg5 hxg5 34. g3 Kd6
35. Kd3 Nc4 36. Kc3 Ke6 37. Ne1 Ne3 38. Nd3 Bc6 39. Nf2 Kd6 40. Nd3 Be8 41. Ne5
Kxe5 1/2-1/2

[Event "Sygnity Ekstraliga 2016"]
[Site "Gorzow Wlkp. - Wroclaw - Katowice"]
[Date "1899-12-30"]
[Round "9.6"]
[White "Zawadzka, Jolanta"]
[Black "Bartel, Marta"]
[Result "1/2-1/2"]
[WhiteTitle "WGM"]
[BlackTitle "WGM"]
[WhiteElo "2442"]
[BlackElo "2270"]

1. e4 c5 2. Nf3 e6 3. d4 cxd4 4. Nxd4 Nc6 5. Nb5 d6 6. Bf4 e5 7. Be3 Be7 8. N1c3
a6 9. Nd5 axb5 10. Bb6 Qd7 11. Nc7+ Kf8 12. Nxa8 Nf6 13. Bxb5 Nxe4 14. O-O Nf6
15. c4 Qf5 16. Be3 g6 17. Nb6 Kg7 18. f3 h5 19. Qd2 h4 20. a4 Nh5 21. Nxc8 Rxc8
22. a5 Nd4 23. Bxd4 exd4 24. Rfe1 Bf6 25. a6 bxa6 26. Rxa6 d3 27. Qe3 Nf4 28.
Kh1 Qg5 29. Qf2 Rd8 30. Rd1 Ne2 31. f4 Nxf4 32. Ra3 Be5 33. Bc6 Rb8 34. Rd2 Qf6
35. Ra2 Bd4 36. Qf3 Qe5 37. Qe4 Qxe4 38. Bxe4 Re8 39. g3 Rxe4 40. gxf4 h3 41.
Ra1 Rxf4 42. Rb1 g5 43. Rxd3 Bxb2 44. Rxh3 Bd4 45. Rg3 Kg6 46. Rg2 Bc5 47. Rc2
g4 48. Kg2 f5 49. Rb3 Kf6 50. Rd3 Re4 51. h3 gxh3+ 52. Kxh3 Re1 53. Kg3 Ke5 54.
Kf3 Rf1+ 55. Kg2 Rg1+ 56. Kf3 Rf1+ 57. Kg2 Rg1+ 1/2-1/2

[Event "Sygnity Ekstraliga 2016"]
[Site "Gorzow Wlkp. - Wroclaw - Katowice"]
[Date "1899-12-30"]
[Round "9.8"]
[White "Areshchenko, Alexander"]
[Black "Mista, Aleksander"]
[Result "1/2-1/2"]
[WhiteTitle "GM"]
[BlackTitle "GM"]
[WhiteElo "2654"]
[BlackElo "2593"]

1. e4 c5 2. Nf3 Nc6 3. Bb5 d6 4. O-O Bd7 5. Re1 Nf6 6. c3 a6 7. Bf1 Bg4 8. h3 Bxf3
9. Qxf3 e6 10. d3 Be7 11. Nd2 O-O 12. Qd1 d5 13. exd5 Nxd5 14. Nf3 Bf6 15. Bd2
Qd7 16. Qc2 Rfd8 17. Rad1 b5 18. Bg5 Bxg5 19. Nxg5 Nf6 20. Ne4 Qe7 21. Nxf6+ Qxf6
22. a4 Rd5 23. Be2 Rad8 24. axb5 axb5 25. Bf3 R5d6 26. Bxc6 Rxc6 27. Qb3 Rb6 28.
Qa3 b4 29. Qb3 Rbb8 30. Qc4 bxc3 1/2-1/2

[Event "Sygnity Ekstraliga 2016"]
[Site "Gorzow Wlkp. - Wroclaw - Katowice"]
[Date "1899-12-30"]
[Round "9.9"]
[White "Simacek, Pavel"]
[Black "Miton, Kamil"]
[Result "1/2-1/2"]
[WhiteTitle "IM"]
[BlackTitle "GM"]
[WhiteElo "2463"]
[BlackElo "2614"]

1. e4 c5 2. Nf3 e6 3. d4 cxd4 4. Nxd4 Nc6 5. Nc3 d6 6. g3 Bd7 7. Bg2 Be7 8. O-O
Nf6 9. Ndb5 Qb8 10. Bg5 a6 11. Bxf6 gxf6 12. Nd4 Nxd4 13. Qxd4 Qa7 14. Qd2 Qb6
15. Ne2 Bb5 16. b3 Bxe2 17. Qxe2 O-O 18. Rad1 Qc5 19. c4 b5 20. e5 Rad8 21. exd6
Rxd6 22. Rxd6 Bxd6 23. cxb5 axb5 24. a4 bxa4 25. bxa4 Rb8 26. Qd2 Qb4 27. Rd1
Bc5 28. Bc6 Qxd2 29. Rxd2 Rb1+ 30. Kg2 Ra1 1/2-1/2

[Event "Sygnity Ekstraliga 2016"]
[Site "Gorzow Wlkp. - Wroclaw - Katowice"]
[Date "1899-12-30"]
[Round "9.11"]
[White "Zawadzki, Stanislaw"]
[Black "Socko, Bartosz"]
[Result "0-1"]
[WhiteTitle "IM"]
[BlackTitle "GM"]
[WhiteElo "2431"]
[BlackElo "2594"]

1. e4 e6 2. d4 d5 3. Nc3 Bb4 4. e5 c5 5. a3 Bxc3+ 6. bxc3 Qa5 7. Bd2 Qa4 8. Nf3
b6 9. Bd3 Ba6 10. O-O Nd7 11. Bxa6 Qxa6 12. a4 Ne7 13. Qb1 O-O 14. Qb5 Qb7 15.
dxc5 Nxc5 16. a5 Ne4 17. c4 Rfc8 18. Bb4 Rxc4 19. Bxe7 a6 20. Qb3 Qxe7 21. axb6
Rb4 22. Qe3 Qc5 23. Qxc5 Nxc5 24. Rfb1 Rxb1+ 25. Rxb1 Rb8 26. Kf1 h6 27. c4 dxc4
28. Rb4 c3 29. Nd4 Nd3 30. Rb3 Nxe5 31. b7 Nd7 32. Ke2 c2 33. Nxc2 Nc5 34. Rc3
Nxb7 35. Nb4 Nc5 36. Nc6 Rb2+ 37. Ke1 Ne4 38. Ra3 Nxf2 39. Rxa6 Ng4 40. h3 Ne3
41. g4 Ng2+ 42. Kf1 Nf4 43. h4 Ng2 0-1

[Event "Sygnity Ekstraliga 2016"]
[Site "Gorzow Wlkp. - Wroclaw - Katowice"]
[Date "1899-12-30"]
[Round "9.12"]
[White "Socko, Monika"]
[Black "Szczepkowska-horowska, Karina"]
[Result "1/2-1/2"]
[WhiteTitle "GM"]
[BlackTitle "WGM"]
[WhiteElo "2467"]
[BlackElo "2411"]

1. e4 e5 2. Nf3 Nc6 3. Bb5 a6 4. Bxc6 dxc6 5. O-O Qf6 6. d4 exd4 7. Bg5 Qd6 8.
Nxd4 Bd7 9. Nc3 Ne7 10. Nb3 Qxd1 11. Raxd1 b6 12. e5 h6 13. Bc1 O-O-O 14. f4 c5
15. Be3 Bf5 16. Rxd8+ Kxd8 17. Rf2 Nc6 18. Nd5 Ne7 19. Nc3 Nc6 20. Nd5 Ne7 21.
c4 Nxd5 22. cxd5 Be4 23. Rd2 Be7 24. Nc1 Kc8 25. Ne2 c4 26. d6 cxd6 27. Nc3 Bd3
28. Nd5 Bd8 29. Nxb6+ Bxb6 30. Bxb6 dxe5 1/2-1/2

[Event "Sygnity Ekstraliga 2016"]
[Site "Gorzow Wlkp. - Wroclaw - Katowice"]
[Date "1899-12-30"]
[Round "9.13"]
[White "Heberla, Bartlomiej"]
[Black "Tazbir, Marcin"]
[Result "1/2-1/2"]
[WhiteTitle "GM"]
[BlackTitle "GM"]
[WhiteElo "2541"]
[BlackElo "2517"]

1. e4 c6 2. d4 d5 3. Nc3 dxe4 4. Nxe4 Bf5 5. Ng3 Bg6 6. h4 h6 7. Nf3 Nd7 8. h5
Bh7 9. Bd3 Bxd3 10. Qxd3 Ngf6 11. Bd2 e6 12. O-O-O Qc7 13. Ne4 Be7 14. Kb1 O-O-O
15. g3 c5 16. Bf4 Qc6 17. Nc3 a6 18. Qe2 Rhe8 19. dxc5 Bxc5 20. Ne5 Nxe5 21. Bxe5
Rxd1+ 22. Rxd1 Rd8 23. Rg1 Bd4 24. a3 Bxe5 25. Qxe5 Qf3 26. Qc5+ Kb8 27. Qe5+
Kc8 28. Qc5+ Kb8 29. Qe5+ Kc8 30. Qc5+ Kb8 1/2-1/2

[Event "Sygnity Ekstraliga 2016"]
[Site "Gorzow Wlkp. - Wroclaw - Katowice"]
[Date "1899-12-30"]
[Round "9.14"]
[White "Sliwerski, Radoslaw"]
[Black "Antoniewski, Rafal"]
[Result "0-1"]
[WhiteTitle "k++"]
[BlackTitle "GM"]
[WhiteElo "2089"]
[BlackElo "2532"]

1. d4 g6 2. Nf3 Bg7 3. g3 c5 4. c3 Qa5 5. dxc5 Qxc5 6. Be3 Qc7 7. Bg2 Nf6 8. O-O
O-O 9. Na3 Nc6 10. Nb5 Qd8 11. h3 a6 12. Nbd4 Na5 13. Nd2 d5 14. f4 Nh5 15. b4
Nc4 16. Nxc4 dxc4 17. Qe1 e5 18. Nf3 exf4 19. gxf4 Re8 20. Ne5 Qc7 21. Bd5 Be6
22. Rd1 Bxe5 23. fxe5 Qxe5 0-1

[Event "Sygnity Ekstraliga 2016"]
[Site "Gorzow Wlkp. - Wroclaw - Katowice"]
[Date "1899-12-30"]
[Round "9.15"]
[White "Bobras, Piotr"]
[Black "Cyborowski, Lukasz"]
[Result "1/2-1/2"]
[WhiteTitle "GM"]
[BlackTitle "GM"]
[WhiteElo "2518"]
[BlackElo "2518"]

1. e4 e5 2. Nf3 Nf6 3. Nxe5 d6 4. Nf3 Nxe4 5. d4 d5 6. Bd3 Be7 7. O-O Nc6 8. Nbd2
Nxd2 9. Bxd2 Bg4 10. c3 O-O 11. h3 Bh5 12. g3 Qd7 13. Kg2 Bg6 14. Ne1 Rae8 15.
Qg4 Qxg4 16. hxg4 Bd6 17. Bxg6 hxg6 18. Nd3 f6 19. g5 Kf7 20. Rh1 Rh8 21. Rxh8
Rxh8 22. Re1 Re8 23. Rxe8 Kxe8 24. Bf4 Kd7 25. Bxd6 Kxd6 26. gxf6 gxf6 27. Kf3
Ne7 28. g4 g5 29. Ke3 b6 30. f3 c6 1/2-1/2

[Event "Sygnity Ekstraliga 2016"]
[Site "Gorzow Wlkp. - Wroclaw - Katowice"]
[Date "1899-12-30"]
[Round "9.16"]
[White "Nurkiewicz, Maciej"]
[Black "Jaracz, Pawel"]
[Result "1/2-1/2"]
[WhiteTitle "m"]
[BlackTitle "GM"]
[WhiteElo "2378"]
[BlackElo "2481"]

1. e4 c6 2. d4 d5 3. exd5 cxd5 4. Bd3 Nc6 5. c3 Nf6 6. h3 g6 7. Qc2 Bg7 8. Bf4
O-O 9. Nf3 Nh5 10. Bh2 Bh6 11. O-O Nf4 12. Bxf4 Bxf4 13. Re1 Qd6 14. Nbd2 Bd7
15. Re2 Rac8 16. a3 Rc7 17. Rae1 Qf6 18. Qb1 e6 19. Ne5 Nxe5 20. dxe5 Qe7 21.
Nf3 b5 22. Nd4 Rb8 23. g3 Bh6 24. Rc2 Qc5 25. h4 Qb6 26. b4 Rbc8 27. Qb2 Be8 28.
Ree2 a6 29. Kg2 Ra7 30. f4 Bg7 1/2-1/2

[Event "Sygnity Ekstraliga 2016"]
[Site "Gorzow Wlkp. - Wroclaw - Katowice"]
[Date "1899-12-30"]
[Round "9.17"]
[White "Grabarczyk, Miroslaw"]
[Black "Protaziuk, Grzegorz"]
[Result "1-0"]
[WhiteTitle "GM"]
[BlackTitle "m"]
[WhiteElo "2445"]
[BlackElo "2344"]

1. d4 Nf6 2. c4 c5 3. d5 b5 4. cxb5 a6 5. bxa6 Bxa6 6. Nc3 g6 7. Nf3 d6 8. g3 Bg7
9. Bg2 O-O 10. O-O Nbd7 11. Rb1 Nb6 12. b3 Bb7 13. Nh4 Nfd7 14. Qd2 Bxc3 15. Qxc3
Nf6 16. Bh6 Re8 17. e4 Rxa2 18. Nf3 Nbd7 19. Ra1 Rxa1 20. Rxa1 Qb6 21. h3 Ra8
22. Rxa8+ Bxa8 23. Nd2 Qa7 24. Nc4 Qa2 25. g4 Qb1+ 26. Kh2 Qa2 27. Kg3 Qa6 28.
Kh2 Qa2 29. Kg3 Qa6 30. b4 Qb7 31. bxc5 Nxc5 32. Kh2 Qc7 33. e5 Ne8 34. exd6 exd6
35. Qe3 Qd8 36. Bf4 Na6 37. Bg5 f6 38. Bf4 Nac7 39. Qb6 Qd7 40. Qa7 Qd8 41. Qa5
Bb7 42. Qb6 Qa8 43. Qe3 Qd8 44. Na5 Ba8 45. Nc6 Qd7 46. Qa7 Bxc6 47. dxc6 Qe6
48. Qb8 Kf8 49. Qd8 g5 50. Bg3 Qe7 51. Qd7 Ne6 52. Be4 Nc5 53. Qxe7+ Kxe7 54.
Bxh7 Nc7 55. Kg2 Nb5 56. f4 Na7 57. c7 Kd7 58. h4 Kxc7 59. fxg5 fxg5 60. h5 Kd7
61. h6 Ke7 62. Bxd6+ Kxd6 63. Bf5 1-0

[Event "Sygnity Ekstraliga 2016"]
[Site "Gorzow Wlkp. - Wroclaw - Katowice"]
[Date "1899-12-30"]
[Round "9.18"]
[White "Kulon, Klaudia"]
[Black "Jaracz, Barbara"]
[Result "1-0"]
[WhiteTitle "WGM"]
[BlackTitle "WGM"]
[WhiteElo "2304"]
[BlackElo "2228"]

1. e4 c5 2. Nf3 e6 3. d4 cxd4 4. Nxd4 Nc6 5. Nc3 Qc7 6. Be3 a6 7. Qd2 Nf6 8. f3
Bb4 9. O-O-O Ne5 10. Qe1 Bxc3 11. Qxc3 Qxc3 12. bxc3 d5 13. exd5 Nxd5 14. Bd2
Bd7 15. c4 Nb6 16. c5 Na4 17. Nb3 Nc6 18. Bf4 O-O-O 19. Bd6 Nb4 20. a3 Na2+ 21.
Kd2 N2c3 22. Re1 Nb5 23. Be7 Rde8 24. Bh4 f6 25. c4 Nc7 26. Bf2 e5 27. Bd3 Nb2
28. Be2 Rd8 29. Kc3 Na4+ 30. Kb4 Ne6 31. Na5 Nf4 32. g3 Nxe2 33. Rxe2 Kc7 34.
c6 bxc6 35. c5 Be6 36. Kxa4 Rd3 37. Rb1 1-0

[Event "Sygnity Ekstraliga 2016"]
[Site "Gorzow Wlkp. - Wroclaw - Katowice"]
[Date "1899-12-30"]
[Round "9.20"]
[White "Dziuba, Marcin"]
[Black "Matuszewski, Michal"]
[Result "1-0"]
[WhiteTitle "GM"]
[BlackTitle "IM"]
[WhiteElo "2566"]
[BlackElo "2468"]

1. Nf3 d5 2. g3 Nf6 3. Bg2 e6 4. O-O Be7 5. d3 c5 6. Nbd2 Nc6 7. e4 O-O 8. Re1
b5 9. e5 Nd7 10. Nf1 a5 11. h4 Ba6 12. h5 b4 13. h6 g6 14. N1h2 a4 15. a3 Bb5
16. Ng4 Nd4 17. Nxd4 cxd4 18. axb4 Bxb4 19. Bd2 Qa5 20. Bxb4 Qxb4 21. Rb1 Rfb8
22. Nh2 Bc6 23. Nf3 Qc5 24. Qd2 Rb4 25. Rec1 Qb6 26. c3 dxc3 27. Qxc3 Bb7 28.
Qa3 Nc5 29. Nd2 Ra5 30. Qc3 Nd7 31. Nf3 a3 32. Qc7 Qxc7 33. Rxc7 Nf8 34. Ng5 Rxb2
35. Rxf7 Rxb1+ 36. Kh2 Nd7 37. Rxd7 Ra8 38. Rg7+ Kf8 39. Nxh7+ Ke8 40. Nf6+ Kf8
41. Nd7+ 1-0

[Event "Sygnity Ekstraliga 2016"]
[Site "Gorzow Wlkp. - Wroclaw - Katowice"]
[Date "1899-12-30"]
[Round "9.25"]
[White "Kryvoruchko, Yuriy"]
[Black "Tomczak, Jacek"]
[Result "1-0"]
[WhiteTitle "GM"]
[BlackTitle "GM"]
[WhiteElo "2682"]
[BlackElo "2588"]

1. e4 c6 2. d4 d5 3. e5 Bf5 4. Nf3 e6 5. Be2 Ne7 6. c3 Nd7 7. O-O h6 8. Nbd2 a5
9. Re1 Bg6 10. Nf1 Nf5 11. Bd3 Be7 12. Ng3 Nxg3 13. Bxg6 fxg6 14. fxg3 O-O 15.
Qd3 Qe8 16. Be3 g5 17. g4 Rf7 18. Rf1 Kh8 19. Rf2 Qg8 20. Qg6 Nf8 21. Qh5 g6 22.
Qh3 Rh7 23. g3 Nd7 24. Qf1 Rf8 25. Qd3 a4 26. b3 Rhf7 27. Raf1 axb3 28. axb3 b5
29. h4 gxh4 30. Bxh6 hxg3 31. Rg2 Ra8 32. Rxg3 Rh7 33. g5 Ra3 34. Qc2 c5 35. Rh3
Bf8 36. Nh4 Bxh6 37. Nxg6+ Kg7 38. Ne7 Qe8 39. gxh6+ Kh8 40. Ng6+ 1-0

[Event "Sygnity Ekstraliga 2016"]
[Site "Gorzow Wlkp. - Wroclaw - Katowice"]
[Date "1899-12-30"]
[Round "9.26"]
[White "Olszewski, Michal"]
[Black "Piorun, Kacper"]
[Result "1/2-1/2"]
[WhiteTitle "GM"]
[BlackTitle "GM"]
[WhiteElo "2548"]
[BlackElo "2676"]

1. Nf3 d5 2. c4 d4 3. e3 Nc6 4. exd4 Nxd4 5. Nxd4 Qxd4 6. Nc3 Nf6 7. Be2 Bf5 8.
O-O e6 9. d3 c6 10. Be3 Qd7 11. d4 Bd6 12. Bf3 h6 13. Qe2 O-O 14. Rad1 Rfe8 15.
g4 Bg6 16. Bg2 Qe7 17. f4 Nd7 18. c5 Bc7 19. g5 hxg5 20. fxg5 f5 21. h4 Qf7 22.
Bf3 f4 23. Bg4 e5 24. dxe5 Nxe5 25. Rxf4 Qe7 26. Bf5 Bxf5 27. Rxf5 Qe6 28. Rf4
Ng6 29. Re4 Qh3 30. Qg2 Qxg2+ 31. Kxg2 Rxe4 32. Nxe4 Re8 33. Rd4 Nxh4+ 34. Kf2
Nf5 35. Rc4 Kf7 36. Kf3 Nxe3 37. Kxe3 Ke6 38. Rc2 Rh8 39. Re2 Be5 40. Kf3 Rh2
41. Nf2 Rh5 42. Kg4 Rh2 43. Kf3 Rh5 1/2-1/2

[Event "Sygnity Ekstraliga 2016"]
[Site "Gorzow Wlkp. - Wroclaw - Katowice"]
[Date "1899-12-30"]
[Round "9.28"]
[White "Warakomski, Tomasz"]
[Black "Krasenkow, Michal"]
[Result "1/2-1/2"]
[WhiteTitle "IM"]
[BlackTitle "GM"]
[WhiteElo "2486"]
[BlackElo "2610"]

1. e4 d6 2. d4 Nf6 3. Nc3 c6 4. Nf3 Bg4 5. h3 Bh5 6. Bd3 e6 7. g4 Bg6 8. g5 Nfd7
9. Nh4 d5 10. Nxg6 hxg6 11. Qf3 e5 12. exd5 exd4 13. Qe4+ Qe7 14. Ne2 Qxe4 15.
Bxe4 Bc5 16. Bf4 Nb6 17. Bxb8 cxd5 18. Bxg6 Rxb8 19. Bf5 Nc4 20. O-O-O Nd6 21.
Ng3 O-O 22. Rhe1 Rbe8 23. Bd3 Bb4 24. Rxe8 Rxe8 25. Nf5 Nxf5 26. Bxf5 Be1 27.
Rxd4 Bxf2 28. Rxd5 Be3+ 29. Kd1 Bxg5 30. Rd7 g6 31. Bd3 Re7 32. Rxe7 Bxe7 1/2-1/2